000 00721cam a22002413a 4500
001 27356
003 PGUSA
005 20140828083606.0
008 081128s2008||||xxu|||||s|||||000 | eng d
040 _aPGUSA
_beng
042 _adc
050 4 _aDA
100 1 _aMitton, G. E.
_q(Geraldine Edith)
245 1 0 _aChelsea :
_bThe Fascination of London
_h[electronic resource] /
_cG. E. Mitton
260 _bProject Gutenberg,
_c2008
506 _aPublic domain in the USA.
516 _aElectronic text
653 _aChelsea (London, England) -- Description and travel
700 1 _aBesant, Walter,
_d1836-1901
830 0 _aProject Gutenberg
_v27356
856 4 0 _uhttp://www.gutenberg.org/ebooks/27356
942 _cEB
999 _c256611
_d256611